000 00863nam a2200193Ia 4500
001 11900
003 GE_BSU
008 181216s||||||||xx |||||||||||||| ||und||
040 _cGE_BSU
080 _a581.526.4
100 _aГулисашвили,В.З.
245 _aПроисхохдение древесной растительности субтропического и умеренного климатов и развитие наследственных особенностей
260 _aТбилиси
260 _bМецниереба
260 _c1967
300 _a217стр.22см.илл.
653 _aПроисхохдение древесной растительности субтропического и умеренного климатов и развитие наследственных особенностей
942 _cBK
999 _c45077
_d45077